000 00778nam a22002177a 4500
005 20230512221225.0
008 180205t xxu||||| |||| 00| 0 eng d
020 _a9716856965
040 _cCSPC
082 0 _a303.660711
_bD483e
100 _aDe Torres, Amor Q.,
_eauthor.
245 0 0 _aEducation for peace :
_ba sourcebook in peace education /
_cAmor Q. De Torres
260 _aQuezon City :
_bLorimar Publishing.
_c2008.
300 _a60 pages :
_btables ;
_c22 cm.
504 _aIncludes Bibliographic Reference page(60)
650 1 0 _aPeace
_xStudy and teaching (Higher) Peace-building.
650 1 0 _a Peace.
942 _cBOOK
_jFIL 303.660711 D483e 2008
999 _c1463
_d1463